000 00574nam a22002057a 4500
001 1764
003 KOHA_MİRAKIL
005 20230712105356.0
008 230712b tu ||||| |||| 00| 0 tur d
020 _a975-7338-55-4
040 _aTR-AnANB
_btur
_cTR-AnANB
090 _aDemokrasi ve Siyasi Partiler-32
100 _aGözler, Kemal.
245 0 _aKanun Hükmünde Kararnamelerin Hukuki Rejimi /
_cKemal Gözler.
250 _a1.Basım
260 _aBursa:
_bEkin Kitabevi,
_c2000.
300 _a300 Sayfa
650 _aDemokrasi ve Siyasi Partiler
942 _2ddc
_cBK
999 _c1752
_d1752